000 00632nam a2200229Ia 4500
003 OSt
005 20220928124056.0
006 a|||||r|||| 00| 0
007 ta
008 220927b |||||||| |||| 00| 0 eng d
024 _a78295
037 _cAnnuals, Advances
040 _aSDCL
_cSDCL
_beng
041 _2eng
_aeng
082 _aD6,8(B),7, P0
100 _aChen Zhengxin
_9463260
245 0 _aComputational intelligence for decision support.
260 _aLondon
_bCRC Press
_c2000
300 _axv,380p.
_ccm.
942 _hD6,8(B),7, P0
_cREF
_2CC
999 _c776198
_d776198